Countries by Sports League - Statistics

General Stats
  • This quiz has been taken 45 times
  • The average score is 24 of 30
Answer Stats
Hint Answer % Correct
National Hockey League Canada
100%
National Football League United States
100%
AFL Australia
98%
Serie A Italy
98%
La Liga Spain
98%
Premier League United Kingdom
98%
Brasileirao Brazil
95%
Ligue 1 France
95%
Bundesliga Germany
95%
Nippon Professional Baseball Japan
90%
Eredivisie Netherlands
90%
IPL India
88%
Liga MX Mexico
88%
Primeira Liga Portugal
88%
Liga Professional de Futbol Argentina
85%
Allsvenskan Sweden
85%
National Rugby League New Zealand
83%
Football Bundesliga Austria
78%
Eliteserien Norway
78%
CBA China
76%
Pro League Belgium
73%
Liiga Finland
71%
KBO League South Korea
71%
Super Lig Turkey
71%
Superliga Denmark
68%
Ekstraklasa Poland
66%
Super League Switzerland
61%
Nemzeti Bajnokság I Hungary
59%
Super League Greece
56%
Stars League Iraq
20%
No matching quizzes found
Score Distribution
Percent of People with Each Score
Percentile by Number Answered
Your Score History
You have not taken this quiz